MARC details
| 000 -LEADER |
| fixed length control field |
01006nam a2200277 a 4500 |
| 008 - FIXED-LENGTH DATA ELEMENTS--GENERAL INFORMATION |
| fixed length control field |
120607s2009 ||||||||||||||||| || u |
| 020 ## - INTERNATIONAL STANDARD BOOK NUMBER |
| International Standard Book Number |
9780443067150 |
| 020 ## - INTERNATIONAL STANDARD BOOK NUMBER |
| International Standard Book Number |
0443067155 |
| 050 ## - LIBRARY OF CONGRESS CALL NUMBER |
| Classification number |
RC 633 Hem |
| 100 ## - MAIN ENTRY--PERSONAL NAME |
| Personal name |
Hoffman, Ronald |
| 245 10 - TITLE STATEMENT |
| Title |
Hematology: basic principles and practice |
| Statement of responsibility, etc. |
Ronald Hoffman, [and others] |
| 250 ## - EDITION STATEMENT |
| Edition statement |
5th ed. |
| 260 ## - PUBLICATION, DISTRIBUTION, ETC. |
| Place of publication, distribution, etc. |
Philadelphia, PA: |
| Name of publisher, distributor, etc. |
Churchill Livingstone |
| Date of publication, distribution, etc. |
2009 |
| 300 ## - PHYSICAL DESCRIPTION |
| Extent |
xxvii, 2523p.: ill. |
| 350 ## - |
| -- |
0.00 |
| 650 ## - SUBJECT ADDED ENTRY--TOPICAL TERM |
| Topical term or geographic name entry element |
BLOOD--DISEASES |
| 650 #3 - SUBJECT ADDED ENTRY--TOPICAL TERM |
| Topical term or geographic name entry element |
HEMATOLOGIC DISEASES--DIAGNOSIS |
| 650 #0 - SUBJECT ADDED ENTRY--TOPICAL TERM |
| Topical term or geographic name entry element |
HEMATOLOGY |
| 650 #3 - SUBJECT ADDED ENTRY--TOPICAL TERM |
| Topical term or geographic name entry element |
BLOOD PHYSIOLOGICAL PHENOMENA |
| 650 #3 - SUBJECT ADDED ENTRY--TOPICAL TERM |
| Topical term or geographic name entry element |
HEMATOLOGIC DISEASES--THERAPY |
| 700 ## - ADDED ENTRY--PERSONAL NAME |
| Personal name |
Shattil, Sanford J |
| 700 ## - ADDED ENTRY--PERSONAL NAME |
| Personal name |
Benz, Edward J |
| 700 ## - ADDED ENTRY--PERSONAL NAME |
| Personal name |
Furie, Bruce |
| 856 ## - ELECTRONIC LOCATION AND ACCESS |
| Uniform Resource Identifier |
http://www.loc.gov/catdir/toc/ecip0818/2008020092.html |
| 995 ## - |
| -- |
MEDICAL LIBRARY OPEN ACCESS |
| -- |
901794 |
| -- |
CBU-SCHOOL OF MEDICINE LIBRARY (Ndola) |
| -- |
0.00 |
| -- |
RC 633 Hem |
| -- |
1 |
| -- |
AVAILABLE |
| -- |
Jun 7, 2012 |
| -- |
901794 |
| -- |
Medical Library Open Access Collection |
| 999 ## - |
| -- |
31676 |
| -- |
31676 |